| 000 | 01222nmc a2200409 a 4500 | ||
|---|---|---|---|
| 003 | AR-BaBNM | ||
| 005 | 20251128211614.0 | ||
| 008 | 274120s2003 ||||||||||||||000 | spa|| | ||
| 020 | _a950-12-3809-1 | ||
| 040 | _cAR-BaBNM | ||
| 100 | 1 | _aKristeva, Julia | |
| 245 | 1 | 0 |
_aEl genio femenino _bla vida, la locura, las palabras. Melanie Klein _n2 |
| 246 | 1 | _aMelanie Klein | |
| 260 |
_aBuenos Aires _bPaidós _c2003 |
||
| 300 | 0 |
_a315 p. _bfot. |
|
| 490 | 0 |
_aGénero y cultura _vv. 9 |
|
| 500 | 0 | _aContiene listado con obras de Melanie Klein en p. 275 | |
| 500 | 0 | _aContiene índice de conceptos en p. 291 | |
| 500 | 0 | _aContiene índice de nombres y obras en p. 279 | |
| 504 | _aReferencias bibliográficas a pie de página | ||
| 600 | 1 | 4 | _aKlein, Melanie |
| 650 | 4 | _aPSICOANALISIS KLEINIANO | |
| 650 | 4 | _aBIOGRAFIAS | |
| 650 | 4 | _aRELACION PADRES-HIJOS | |
| 650 | 4 | _aSEXUALIDAD | |
| 650 | 4 | _aJUDAISMO | |
| 650 | 4 | _aTERAPIA LUDICA | |
| 650 | 4 | _aPSICOANALISIS DEL NINO | |
| 650 | 4 | _aRELACION OBJETAL | |
| 650 | 4 | _aDEPRESION | |
| 650 | 4 | _aENSAYO LITERARIO | |
| 700 | 1 |
_aPiatigorsky, Jorge _etraductor |
|
| 800 | 1 | _aAmado, Ana | |
| 800 | 1 | _aDomínguez, Nora | |
| 942 | _cBK | ||
| 998 | _cEugenia | ||
| 999 |
_c20393 _d20393 |
||